Diseño de una guía para la incorporación de la perspectiva de género en la planificación y gestión del transporte público, un caso de aplicación en el sector Hatillo-Alajuelita
Αποθηκεύτηκε σε:
| Κύριος συγγραφέας: | |
|---|---|
| Άλλοι συγγραφείς: | |
| Μορφή: | Βιβλίο |
| Γλώσσα: | Spanish |
| Έκδοση: |
[San José], Costa Rica
2023
|
| Θέματα: | |
| Ετικέτες: |
Προσθήκη ετικέτας
Δεν υπάρχουν, Καταχωρήστε ετικέτα πρώτοι!
|
MARC
| LEADER | 00000nam a2200000Ia 4500 | ||
|---|---|---|---|
| 003 | 013705 | ||
| 005 | 20230725100850.0 | ||
| 008 | 140114s2023 cr a 000 ||spa d | ||
| 040 | |c cru CEDI | ||
| 100 | |a Tapia Álvarez, Natalia, 1993- |9 990 | ||
| 245 | |a Diseño de una guía para la incorporación de la perspectiva de género en la planificación y gestión del transporte público, un caso de aplicación en el sector Hatillo-Alajuelita | ||
| 260 | |a [San José], Costa Rica |c 2023 | ||
| 500 | |a Trabajo Final de graduación (licenciatura en ingeniería civil)--Universidad de Costa Rica. Facultad de Ingeniería. Escuela de Ingeniería Civil. | ||
| 501 | |a Director del Trabajo Final de Graduación: Ing. Henry Hernández Vega, MSc | ||
| 650 | |x TRANSPORTE PUBLICO - ADMINISTRACION |x AUTOBUSES |x TRANSPORTE - PLANIFICACION |x INGENIERÍA DEL TRANSPORTE |x EQUIDAD DE GENERO | ||
| 700 | |9 247 |a Hernández Vega, Henry, 1979- |d Director del TFG | ||
| 942 | |c CEDI |h TFG 8856 |6 TFG_8856_000000000000000 | ||
| 999 | |c 12348 |d 12348 | ||
